000 01499nam0a2200373 4500
001 RU\NLR\bibl\1367711
005 20260409075655.0
010 _a978-5-9669-0525-5
_9300
021 _aRU
_b2009-20242
_91201
035 _a(nilc)RSL-KNO-004266046
035 _a(NLR Aleph) 001359858
090 _a974301
_c974301
100 _a20090318d2008 |||y0rusy50 ca
101 0 _arus
102 _aRU
105 _aa |||||||||
200 1 _aДигида
_eразговоры с детьми в диалогах и изречениях
_e[книга-дневник
_fсост.: В. Я. Скворцов, А. И. Скворцова]
210 _aВолгоград
_cИзд-во Волгоградского государственного ун-та
_d2008
215 _a197 с.
_cцв. ил.
_d22
606 _aСемейное воспитание
_3RU\NLR\auth\661492311
_92518001
606 1 _aДетская речь
_xРазвитие
_xПсихологические исследования
_9957249
_3RU\NLR\auth\66356945
686 _aЧ491,6(2),0
_2rubbk
686 _aЧ491
686 _aЮ983.513.2
702 1 _4220
_8rus
_7ca
_aСкворцов
_bВ. Я.
_cд-р филос. наук
_gВладислав Яковлевич
_3RU\NLR\AUTH\7773914
_956842
801 0 _aRU
_bРГБ
_c20090318
_grcr
801 1 _aRU
_bРГБ
_c20090318
801 2 _aRU
_bNLR
_c20090512
_grcr
830 _aсост. по кн.
942 _cBOOK
980 _aNB
980 _aNBR